| 000 | 00726nam a2200241Ia 4500 | ||
|---|---|---|---|
| 008 | 160404s9999 xx 000 0 und d | ||
| 020 | _a971-91860-2-X | ||
| 050 | _aFIL HF 5415.126 | ||
| 050 | _b.G65 2008 | ||
| 100 | _aGo, Josiah. | ||
| 245 | _aBuild, grow and sustain your network marketing : | ||
| 245 | _bdistributor business : learn frameworks, systems and the discipline of direct selling / | ||
| 245 | _cJosiah Go. | ||
| 260 | _aManila : | ||
| 260 | _bJosiah Go Found. Inc., | ||
| 260 | _c2008 | ||
| 300 | _a274 pages : | ||
| 300 | _billustrations ; | ||
| 300 | _c22 cm. | ||
| 500 | _aIncludes bibliographical references and index. | ||
| 650 | _aDirect marketing. | ||
| 650 | _xMultilevel marketing. | ||
| 999 |
_c293332 _d293332 |
||